| 000 | 00634nam a2200193Ia 4500 | ||
|---|---|---|---|
| 003 | GCL | ||
| 008 | 140319s9999 xx 000 0 ara d | ||
| 040 |
_aGCL / _cGCL |
||
| 082 | 0 | 4 |
_a791.437 _bس ك |
| 100 | 1 | _aسامى السلامونى | |
| 245 | 1 | 0 |
_aكل الافلام فى مهرجان القاهرة الدولى الثالث / _cسامى السلامونى |
| 300 | _a88 ص | ||
| 490 |
_aكاميرا 78 _v0 |
||
| 650 | 0 | 4 | _aالافلام السينمائية |
| 650 | 0 | 4 | _aالسينما |
| 650 | 0 | 4 | _aمهرجان القاهرة السينمائى |
| 650 | 0 | 4 | _aالسينما - تاريخ ونقد |
| 942 |
_2ddc _cBK |
||
| 999 |
_c50920 _d50920 |
||